KFZ-Kennzeichen Baden-Württemberg - Statistiken

Allgemein
  • Dieses Quiz wurde 218 mal gespielt
    115 seit der letzten Aktualisierung
  • Das Durchschnittsergebnis liegt bei 37 aus 62
Antwortstatistiken
Hint Antwort % Korrekt
AA Aalen
94%
BB Böblingen
92%
S Stuttgart
90%
KA Karlsruhe
89%
BAD Baden-Baden
88%
FR Freiburg
86%
LEO Leonberg
84%
Lörrach
83%
ES Esslingen
81%
HDH Heidenheim
81%
PF Pforzheim
81%
Tübingen
81%
CW Calw
80%
MA Mannheim
80%
GP Göppingen
77%
RV Ravensburg
77%
HD Heidelberg
76%
HN Heilbronn
76%
LB Ludwigsburg
75%
RT Reutlingen
75%
UL Ulm
73%
TUT Tuttlingen
72%
KN Konstanz
71%
SIG Sigmaringen
70%
RW Rottweil
68%
KÜN Künzelsau
66%
RA Rastatt
66%
FDS Freudenstadt
65%
MOS Mosbach
65%
VS Villingen-Schwenningen
63%
KEL Kehl
61%
CR Crailsheim
60%
ÖHR Öhringen
60%
FN Friedrichshafen
59%
NT Nürtingen
58%
OG Offenburg
58%
ÜB Überlingen
58%
VAI Vaihingen
58%
BC Biberach
56%
SHA Schwäbisch Hall
56%
EM Emmendingen
55%
TBB Tauberbischofsheim
54%
HOR Horb
49%
LR Lahr
48%
MÜL Müllheim
45%
BL Balingen
44%
MGH Bad Mergentheim
42%
SÄK Bad Säckingen
39%
BÜS Büsingen
39%
HCH Hechingen
38%
BK Backnang
37%
GD Schwäbisch Gmünd
37%
WN Waiblingen
37%
TT Tettnang
32%
STO Stockach
27%
WT Waldshut-Tiengen
26%
SLG Bad Saulgau
24%
BCH Buchen
24%
WG Wangen
23%
BH Bühl
22%
WOL Wolfach
18%
NEU Titisee-Neustadt
15%
Keine übereinstimmenden Quizze gefunden
Verteilung der Resultate
Anzahl Personen mit jedem Resultat
Perzentil nach korrekt beantworteten Fragen
Ihre Resultats-Entwicklung
Sie haben dieses Quiz seit der letzten Aktualisierung nicht gespielt